| 000 | 00366nam a2200145Ia 4500 | ||
|---|---|---|---|
| 008 | 191201s2008 xx 000 0 und d | ||
| 082 |
_a004.65 _bLIW |
||
| 100 | _aLIN, Yibang | ||
| 245 | 0 | _aWireless and Mobile Network Architectures | |
| 250 | _aRep. | ||
| 260 |
_aN.Delhi _bWiley Dreautech India _c2008 |
||
| 300 | _a532 | ||
| 650 | _aB.Tech(CSE) | ||
| 942 |
_2ddc _cBK |
||
| 999 |
_c3919 _d3919 |
||